LEADER 01291nas 22003973a 450 001 996335752403316 005 20240413024501.0 035 $a(CKB)111032812858076 035 $a(CONSER)sf-94090685- 035 $a(EXLCZ)99111032812858076 100 $a19931013a19939999 --- a 101 0 $aeng 181 $ctxt$2rdacontent 182 $cc$2rdamedia 183 $acr$2rdacarrier 200 00$aCNS outlook 210 $aBethesda, MD $cTechnology Communications$dİ1993- 215 $a1 online resource 300 $aTitle from caption. 311 08$aPrint version: CNS outlook. 1072-5393 (DLC)sf 94090685 (OCoLC)29000548 531 0 $aCNS outlook 606 $aNavigation (Aeronautics)$vPeriodicals 606 $aAeronautics$xCommunication systems$vPeriodicals 606 $aAeronautics$xCommunication systems$2fast$3(OCoLC)fst00798307 606 $aNavigation (Aeronautics)$2fast$3(OCoLC)fst01035141 608 $aPeriodicals.$2fast 615 0$aNavigation (Aeronautics) 615 0$aAeronautics$xCommunication systems 615 7$aAeronautics$xCommunication systems. 615 7$aNavigation (Aeronautics) 676 $a384 906 $aJOURNAL 912 $a996335752403316 920 $aexl_impl conversion 996 $aCNS outlook$92383205 997 $aUNISA